Curso moderno de Direito Civil Direito das Obrigaė̳s

Detalles Bibliográficos
Autor principal: Dower, Nelson Godoy Bassil
Formato: eBook
Lenguaje:portugués
Publicado: Sô Paulo : Editora NELPA, 2011
Materias:
Acceso en línea:http://www.vlex.com/source/6766

MARC

LEADER 00000nam a22000007a 4500
005 20130122185730.0
007 cr|||| ||||
008 130122e2011 bl |||||s|||| 00||0 por d
020 |a 8588018241 
035 |a 6766 
040 |a vLex 
090 |c 3589  |d 3589 
100 1 0 |a Dower, Nelson Godoy Bassil 
245 1 0 |a Curso moderno de Direito Civil  |b Direito das Obrigaė̳s  |h [Recurso electrn̤ico] 
256 |a Servicio en ln̕ea 
260 |a Sô Paulo :  |b Editora NELPA,   |c 2011 
300 |a 1 Recurso electrn̤ico 
650 0 4 |a Derecho civil  |z Brasil 
740 |a vLex libros (Servicio en ln̕ea) 
856 |a Acceso restringido  |u http://www.vlex.com/source/6766 
942 |c BOOK 
999 0 |a Civil law